[Event "Challenge"]
[Site "http://www.queenalice.com/game.php?id=1107158"]
[Date "2012.9.28"]
[Round "-"]
[White "dano"]
[Black "carver"]
[Result "1-0"]
[WhiteElo "1737"]
[BlackElo "2019"]

1. b3 d5 2. e3 e5 3. Bb2 Nc6 4. Nf3 Bg4 5. Be2 Bxf3 6. Bxf3 e4 7. Bg4 Nf6 8. O-O
Bd6 9. d3 Ne5 10. Bh3 O-O 11. Nc3 exd3 12. cxd3 Ng6 13. g3 Be5 14. f4 Bd6 15.
Nb5 Bc5 16. Nd4 Re8 17. Qf3 c6 18. a3 a5 19. Rae1 Qb6 20. Qd1 Bxd4 21. Bxd4 c5
22. Bb2 Qd6 23. Qf3 b6 24. e4 dxe4 25. dxe4 Qc6 26. e5 Qxf3 27. Rxf3 Nd5 28. f5
Nge7 29. g4 Nc6 30. g5 Rad8 31. f6 g6 32. e6 Rd6 33. exf7+ Kxf7 34. Rxe8 Nxf6
35. gxf6 1-0

[Event "Challenge"]
[Site "http://www.queenalice.com/game.php?id=1123889"]
[Date "2012.11.19"]
[Round "-"]
[White "dano"]
[Black "uassirr"]
[Result "1-0"]
[WhiteElo "1787"]
[BlackElo "1861"]

1. b3 Nf6 2. f3 d6 3. e4 g6 4. Bb2 Bg7 5. d4 O-O 6. Bc4 Nbd7 7. Ne2 c5 8. O-O
cxd4 9. Nxd4 Nc5 10. Nc3 a6 11. Qd2 Bd7 12. Rae1 b5 13. Be2 Qb6 14. f4 Nfxe4 15.
Qe3 Nxb3 16. Nd5 Bxd4 17. Bxd4 Qxd4 18. cxb3 Qxe3+ 19. Nxe3 Rac8 20. Nd5 Rce8
21. Nc7 Rc8 22. Nxa6 Rc2 23. Nb4 Rcc8 24. Nd5 Rfe8 25. Nb6 Rc7 26. Nxd7 Rxd7 27.
Bxb5 Nf6 28. Bxd7 Rd8 29. Bb5 1-0

[Event "Challenge"]
[Site "http://www.queenalice.com/game.php?id=1128653"]
[Date "2012.12.5"]
[Round "-"]
[White "dano"]
[Black "furoscame"]
[Result "0-1"]
[WhiteElo "1818"]
[BlackElo "1903"]

1. b3 d5 2. e3 e5 3. Be2 Nf6 4. a3 Bd6 5. d3 O-O 6. Nf3 e4 7. dxe4 dxe4 8. Nd4
Qe7 9. Bb2 Rd8 10. O-O c5 11. h3 cxd4 12. f3 d3 13. cxd3 exd3 14. Bxd3 Qxe3+ 15.
Rf2 Bg3 16. Qe2 Bxf2+ 17. Kf1 Rxd3 18. Nc3 Rxc3 19. Bxc3 Qxc3 20. Rd1 Bb6 21.
Rd6 Nc6 0-1

[Event "Challenge"]
[Site "http://www.queenalice.com/game.php?id=1148565"]
[Date "2013.2.4"]
[Round "-"]
[White "dano"]
[Black "lolo"]
[Result "0-1"]
[WhiteElo "1799"]
[BlackElo "1825"]

1. b3 Nc6 2. Nf3 e5 3. Bb2 e4 4. Nd4 Nf6 5. e3 d5 6. a3 Bd6 7. Be2 O-O 8. d3
Nxd4 9. Bxd4 c5 10. Bb2 Re8 11. d4 Qb6 12. O-O Bd7 13. c4 Qc7 14. g3 cxd4 15.
Qxd4 Be5 16. Qd2 dxc4 17. Rc1 Rad8 18. Bxc4 Bc6 19. Qe2 Ng4 20. Nc3 Qd7 21. Rd1
Qf5 22. h3 Nf6 23. Bxf7+ Kxf7 24. Qc4+ Bd5 25. Nxd5 b5 26. Qxb5 Bxb2 27. Ra2 Bc3
28. Qb7+ Rd7 29. Qc6 Rxd5 30. Qc4 Rc8 31. Rxd5 Nxd5 32. Qb5 Rc7 33. Rc2 Nxe3 34.
Qe2 Nxc2 0-1

[Event "Challenge"]
[Site "http://www.queenalice.com/game.php?id=1385137"]
[Date "2015.9.24"]
[Round "-"]
[White "hadriano"]
[Black "dano"]
[Result "1-0"]
[WhiteElo "1821"]
[BlackElo "1777"]

1. e4 Nc6 2. d4 e5 3. dxe5 Qh4 4. Nc3 Bb4 5. Bd2 Bxc3 6. Bxc3 Qxe4+ 7. Qe2 Qd5
8. Nf3 Nge7 9. g3 O-O 10. Bg2 Qe6 11. O-O d6 12. Ng5 Qg4 13. Qxg4 Bxg4 14. exd6
cxd6 15. Rfe1 h6 16. Ne4 Nd5 17. Nxd6 Ncb4 18. Bxb4 Nxb4 19. Rec1 Rad8 20. Nxb7
Rd2 21. f3 Nxc2 22. Rxc2 Rxc2 23. fxg4 Rxb2 24. a3 Rd2 25. Na5 f5 26. Nc4 Rd4
27. gxf5 Rxc4 28. Bd5+ 1-0

[Event "Challenge"]
[Site "http://www.queenalice.com/game.php?id=1414849"]
[Date "2016.3.24"]
[Round "-"]
[White "brouqui"]
[Black "dano"]
[Result "0-1"]
[WhiteElo "1846"]
[BlackElo "1759"]

1. e4 b6 2. d4 Bb7 3. Nc3 e6 4. e5 Ne7 5. Bg5 h6 6. Bh4 g5 7. Bg3 Nf5 8. Qd3 Nc6
9. Nf3 g4 10. Nd2 Nb4 11. Qe2 Nxc2+ 12. Kd1 Nxa1 13. Nf3 gxf3 14. gxf3 Nxd4 0-1

[Event "Challenge"]
[Site "http://www.queenalice.com/game.php?id=1419827"]
[Date "2016.4.25"]
[Round "-"]
[White "armandocosta"]
[Black "dano"]
[Result "1-0"]
[WhiteElo "1900"]
[BlackElo "1822"]

1. e4 b6 2. d4 Bb7 3. Bd3 e6 4. Nc3 Nf6 5. Nge2 d5 6. e5 Ne4 7. O-O c5 8. Na4 c4
9. Bxe4 dxe4 10. Be3 Be7 11. Ng3 Nc6 12. Nc3 Nb4 13. Qe2 Nd5 14. Ncxe4 Nxe3 15.
fxe3 O-O 16. c3 Bd5 17. Qg4 Kh8 18. Nh5 Rg8 19. Rxf7 g6 20. Nhf6 Bxf6 21. exf6
h6 22. Qh4 h5 23. Qg5 1-0

[Event "Challenge"]
[Site "http://www.queenalice.com/game.php?id=1641573"]
[Date "2021.1.26"]
[Round "-"]
[White "boris555"]
[Black "dano"]
[Result "1/2-1/2"]
[WhiteElo "1827"]
[BlackElo "1844"]

1. Nf3 d6 2. g3 c5 3. Bg2 Qc7 4. O-O Nc6 5. d3 Nf6 6. Nc3 h6 7. e4 e5 8. Ne2 Nd4
9. Nexd4 cxd4 10. Bd2 g5 11. c3 Qb6 12. cxd4 exd4 13. b3 Bg7 14. a4 Nd7 15. b4
g4 16. Nh4 h5 17. Nf5 Bf6 18. b5 Ne5 19. Bb4 Bxf5 20. exf5 h4 21. Qd2 Nf3+ 22.
Bxf3 gxf3 23. Qf4 Kd7 24. g4 Be5 25. Qxf3 a5 26. Bd2 Rag8 27. h3 Bf6 28. Qd5 Rg7
29. f3 Qc7 30. Rac1 Qb8 31. b6 Rc8 32. Bxa5 Rc6 33. Qb5 Rg8 34. Rc4 Re8 35. Re1
Re5 36. Rxe5 Bxe5 37. Be1 Bg3 38. Bxg3 hxg3 39. Kg2 Qe8 40. Rxc6 Qe2+ 41. Kxg3
Qe1+ 42. Kf4 Qe3+ 43. Kg3 Qe1+ 44. Kg2 Qe2+ 45. Kg3 Qe1+ 46. Kg2 Qe2+ 47. Kg3
Qe1+ 48. Kg2 Qe2+ 49. Kg3 1/2-1/2

[Event "Challenge"]
[Site "http://www.queenalice.com/game.php?id=1641931"]
[Date "2021.1.29"]
[Round "-"]
[White "jorm"]
[Black "dano"]
[Result "1-0"]
[WhiteElo "1823"]
[BlackElo "1843"]

1. e4 b6 2. d4 Bb7 3. Nc3 Nf6 4. f3 e6 5. a3 Nc6 6. h3 Be7 7. Be3 O-O 8. e5 Nd5
9. Nxd5 exd5 10. g3 Qc8 11. f4 d6 12. Nf3 Re8 13. g4 f5 14. g5 g6 15. h4 a5 16.
h5 Kg7 17. hxg6 Rh8 18. gxh7 Rxh7 19. Rxh7+ Kxh7 20. Nh4 Kg8 21. Qh5 Qe6 22. g6
Bxh4+ 23. Qxh4 Qxg6 24. O-O-O a4 25. Bh3 dxe5 26. Rg1 1-0